| 000 | 00565nam a2200193 u 4500 | ||
|---|---|---|---|
| 005 | 20240612064148.0 | ||
| 008 | 090901m19992005es r 000 0 spa d | ||
| 020 | _a8484320030 | ||
| 035 | _aUPN01000172189 | ||
| 049 | _aCG | ||
| 050 | 4 |
_aBJ1142 _bS3.4a |
|
| 100 | 1 |
_aSánchez Vázquez, Adolfo, _d1915-2011 _929945 |
|
| 245 | 1 | 0 |
_aEtica / _cAdolfo Sánchez Vázquez. |
| 260 |
_aBarcelona, Esp. : _bCrítica, _c1999 (2005 impr.). |
||
| 300 | _a285 p. | ||
| 440 | 0 |
_aBiblioteca de bolsillo ; _v18 |
|
| 650 | 4 |
_aÉtica _xEstudio y enseñanza _912687 |
|
| 905 | _aLibro | ||
| 999 |
_c144293 _d144293 |
||